| 000 | 00534nam a22001817a 4500 | ||
|---|---|---|---|
| 003 | BUBTL | ||
| 008 | 160806b xxu||||| |||| 00| 0 eng d | ||
| 020 | _a978-0-07-070368-1 | ||
| 082 | _a005.133 / Sch329c | ||
| 100 |
_9755 _aSchildt,Herbert |
||
| 245 |
_aC# 4.0:The Complete Reference / _cHerbert Schildt |
||
| 260 |
_aNew Delhi : _bTata McGraw Hill Education, _cc2010. |
||
| 300 |
_axxv,949 p. : _c24 cm. |
||
| 650 | 0 |
_9457 _aComputer Science |
|
| 856 |
_k0 _l0 _yDownload |
||
| 942 |
_2ddc _cBK |
||
| 999 |
_c5315 _d5315 |
||